Some Legislative Changes in the Process of Establishing Companies
Obchodný zákonník a novela § 105b: zákaz založenia s.r.o. subjektom s daňovými nedoplatkami a záväzok uložiť peňažný vklad (základné imanie, príp. jeho časť) na osobitné bankové konto. Situácie umožňujúce pohyb na osobitnom účte.
Salvato in:
| Autore principale: | |
|---|---|
| Altri autori: | |
| Natura: | Capitolo di libro |
| Lingua: | inglese |
| Soggetti: | |
| Tags: |
Nessun Tag, puoi essere il primo ad aggiungerne!!
|
MARC
| LEADER | 00000naa$a2200000$$$4500 | ||
|---|---|---|---|
| 001 | 0196073 | ||
| 005 | 20240502073314.6 | ||
| 041 | 0 | |a eng | |
| 044 | |a SK | ||
| 245 | 1 | 0 | |a Some Legislative Changes in the Process of Establishing Companies |c Dušan Holub, Ildikó Némethová |
| 520 | |a Obchodný zákonník a novela § 105b: zákaz založenia s.r.o. subjektom s daňovými nedoplatkami a záväzok uložiť peňažný vklad (základné imanie, príp. jeho časť) na osobitné bankové konto. Situácie umožňujúce pohyb na osobitnom účte. | ||
| 610 | 2 | 0 | |a zákonník obchodný |
| 610 | 2 | 0 | |a ručenie |
| 610 | 2 | 0 | |a založenie podniku |
| 610 | 2 | 0 | |a novelizácia |
| 610 | 2 | 0 | |a nedoplatky |
| 610 | 2 | 0 | |a dane |
| 610 | 2 | 0 | |a platby zálohové |
| 610 | 2 | 0 | |a vklady |
| 100 | 1 | |a Holub, Dušan | |
| 700 | 1 | |a Némethová, Ildikó, 1974- | |